书目信息 |
| 题名: |
一学就会的130个电子制作实例
|
|
| 作者: | 张校铭 主编 | |
| 分册: | ||
| 出版信息: | 北京 化学工业出版社 2017.02 |
|
| 页数: | 223页 | |
| 开本: | 24cm | |
| 丛书名: | ||
| 单 册: | ||
| 中图分类: | TN05 , TN | |
| 科图分类: | ||
| 主题词: | 电子器件--制作 , 无线电电子学 , 通信技术 | |
| 电子资源: | ||
| ISBN: | 978-7-122-28669-7 | |
| 000 | 00969nam0 2200265 450 | |
| 001 | 4222 | |
| 005 | 20181011141831.25 | |
| 010 | @a978-7-122-28669-7@dCNY48.00 | |
| 100 | @a20170524d2017 em y0chiy50 ea | |
| 101 | 0 | @achi |
| 102 | @aCN@b110000 | |
| 105 | @aa z 000yy | |
| 200 | 1 | @a一学就会的130个电子制作实例@9yi xue jiu hui de 130 ge dian zi zhi zuo shi li@f张校铭主编 |
| 210 | @a北京@c化学工业出版社@d2017.02 | |
| 215 | @a223页@c图@d24cm | |
| 307 | @a实际页数为:224 | |
| 330 | @a本书在简要介绍电子元器件、电子制作常用工具与仪表、电路知识的基础上,重点结合130多个典型电子制作实例,详细说明充电器类小电器、灯光控制类小电器、门铃类小电器、报警防盗类小电器、温度控制类电器等多种实用电子电器的制作过程、电子电路原理分析与调试。 | |
| 606 | 0 | @a电子器件@x制作 |
| 606 | 0 | @a无线电电子学 |
| 606 | 0 | @a通信技术 |
| 690 | @aTN05@v5 | |
| 690 | @aTN@v4 | |
| 701 | 0 | @a张校铭@9zhang xiao ming@4主编 |
| 801 | 0 | @aCN@b91MARC@c20170524 |
| 905 | @aMuseLib@dTN@e122 | |
| 一学就会的130个电子制作实例/张校铭主编.-北京:化学工业出版社,2017.02 |
| 223页:图;24cm |
| ISBN 978-7-122-28669-7:CNY48.00 |
| 本书在简要介绍电子元器件、电子制作常用工具与仪表、电路知识的基础上,重点结合130多个典型电子制作实例,详细说明充电器类小电器、灯光控制类小电器、门铃类小电器、报警防盗类小电器、温度控制类电器等多种实用电子电器的制作过程、电子电路原理分析与调试。 |
| ● |
| 相关链接 |
|
|
|
|
正题名:一学就会的130个电子制作实例
索取号:TN/122
 
预约/预借
| 序号 | 登录号 | 条形码 | 馆藏地/架位号 | 状态 | 备注 |
| 1 | 1124109 | 211241093 | 第二样本阅览室/ [索取号:TN/122] | 在馆 | |
| 2 | 1124110 | 211241100 | 第三借阅区/ [索取号:TN/122] | 在馆 | |
| 3 | 1124111 | 211241119 | 密集书库-物理学院/ [索取号:TN/122] | 在馆 |